| 000 | 01017nac a22002771i 4500 | ||
|---|---|---|---|
| 003 | EG-ScBUE | ||
| 005 | 20230810101655.0 | ||
| 008 | 111016t1988 nyuab f b 001 0 eng d | ||
| 020 | _a0029052718 | ||
| 040 |
_aEG-ScBUE _beng _erda _cEG-ScBUE _dEG-ScBUE |
||
| 082 | 0 | 4 |
_a912.56 _bATL _222 |
| 100 |
_aBrawer, Moshe[ed.] _927539 |
||
| 110 | 2 |
_aKarṭa (Firm) _927540 |
|
| 245 | 0 | 0 |
_aAtlas of the Middle East / _cedited by Moshe Braver, Tel Aviv University ; prepared by Carta Jerusalem. |
| 264 | 1 |
_aNew York : _bMacmillan Publishing Company ; _aLondon : _bCollier Macmillan Publishers, _c[1988] |
|
| 264 | 4 | _cc1988 | |
| 300 |
_a140 pages : _bcolor illustrations, color maps ; _c29 cm |
||
| 336 |
_2rdacontent _atext _btxt |
||
| 337 |
_2rdamedia _aunmediated _bn |
||
| 338 |
_2rdacarrier _avolume _bnc |
||
| 504 | _aIncludes bibliographical references and index. | ||
| 651 | 7 |
_aMiddle East _vMaps. _2BUEsh _927541 |
|
| 655 | _vReading book | ||
| 710 | 2 |
_aKarṭa (Firm) _econtributor. |
|
| 942 |
_cREFERENCE _2ddc |
||
| 999 |
_c6081 _d6081 |
||